Turbulence (Record no. 5373)

000 -LEADER
fixed length control field 00511nam a2200205 i 4500
001 - CONTROL NUMBER
control field 5373
003 - CONTROL NUMBER IDENTIFIER
control field BD-DhUET
008 - FIXED-LENGTH DATA ELEMENTS--GENERAL INFORMATION
fixed length control field 750220s1975 nyua b 001 0 eng
020 ## - INTERNATIONAL STANDARD BOOK NUMBER
International Standard Book Number 0070290377
040 ## - CATALOGING SOURCE
Original cataloging agency DLC
Transcribing agency DLC
Modifying agency BD-DhUET
082 00 - DEWEY DECIMAL CLASSIFICATION NUMBER
Classification number 532.56
Item number HIN/1975
100 1# - MAIN ENTRY--PERSONAL NAME
Personal name Hinze, J. O.
245 00 - TITLE STATEMENT
Title Turbulence
250 ## - EDITION STATEMENT
Edition statement 2nd ed.
260 ## - PUBLICATION, DISTRIBUTION, ETC. (IMPRINT)
Place of publication, distribution, etc. New York
Name of publisher, distributor, etc. McGraw-Hill
Date of publication, distribution, etc. 1975
300 ## - PHYSICAL DESCRIPTION
Extent x,790p.
Other physical details ill.
Dimensions 24 cm.
490 0# - SERIES STATEMENT
Series statement McGraw-Hill series in mechanical engineering
650 #0 - SUBJECT ADDED ENTRY--TOPICAL TERM
Topical term or geographic name as entry element Turbulence
942 ## - ADDED ENTRY ELEMENTS (KOHA)
Koha item type General Book
Holdings
Koha normalized classification for sorting Sublocation or collection (holding branch) Source of classification or shelving scheme Shelving location Copy number Location (home branch) Koha issues (times borrowed) Price effective from Koha item type Koha date last seen Date acquired Lost status Koha full call number Withdrawn status Piece designation (barcode) Koha date last borrowed Not for loan Damaged status
532_560000000000000_HIN_1975Central Library, BUET Circulation section1Central Library, BUET 2014-11-26General Book2014-11-262014-11-26 532.56/HIN/1975 63813   
532_560000000000000_HIN_1975Central Library, BUET Circulation section2Central Library, BUET 2014-11-26General Book2014-11-262014-11-26 532.56/HIN/1975 63816   
532_560000000000000_HIN_1975Central Library, BUET Circulation section3Central Library, BUET 2014-12-07General Book2014-12-072014-12-07 532.56/HIN/1975 44334   
532_560000000000000_HIN_1975Central Library, BUET Circulation section4Central Library, BUET 2014-12-07General Book2014-12-072014-12-07 532.56/HIN/1975 63807   
532_560000000000000_HIN_1975Central Library, BUET Circulation section5Central Library, BUET12014-12-07General Book2015-03-292014-12-07 532.56/HIN/1975 638122015-03-25  
532_560000000000000_HIN_1975Central Library, BUET Circulation section6Central Library, BUET 2014-12-07General Book2014-12-072014-12-07 532.56/HIN/1975 63805   
532_560000000000000_HIN_1975Central Library, BUET Circulation section7Central Library, BUET 2014-12-07General Book2014-12-072014-12-07 532.56/HIN/1975 63810   
532_560000000000000_HIN_1975Central Library, BUET Circulation section8Central Library, BUET 2014-12-07General Book2014-12-072014-12-07 532.56/HIN/1975 63808   
532_560000000000000_HIN_1975Central Library, BUET Circulation section9Central Library, BUET 2014-12-07General Book2014-12-072014-12-07 532.56/HIN/1975 63809   
532_560000000000000_HIN_1975Central Library, BUET Circulation section10Central Library, BUET12014-12-07General Book2023-02-282014-12-07 532.56/HIN/1975 638062022-11-14  
532_560000000000000_HIN_1975Central Library, BUET Circulation section11Central Library, BUET12014-12-07General Book2015-09-142014-12-07 532.56/HIN/1975 638152015-05-26  
532_560000000000000_HIN_1975Central Library, BUET Circulation section12Central Library, BUET 2015-03-09General Book2015-03-092015-03-09 532.56/HIN/1975 39158   
532_560000000000000_HIN_1975Central Library, BUET Reading section13Central Library, BUET 2015-06-07Reading Item2015-06-072015-06-07 532.56/HIN/1975 58968   
532_560000000000000_HIN_1975Central Library, BUET Reading section14Central Library, BUET 2015-06-07Reading Item2015-06-072015-06-07 532.56/HIN/1975 60653   
532_560000000000000_HIN_1975Central Library, BUET Reading section15Central Library, BUET 2015-06-23Reading Item2015-06-232015-06-23 532.56/HIN/1975 52729   
532_560000000000000_HIN_1975Central Library, BUET Circulation section16Central Library, BUET12024-11-16General Book2024-11-271985-06-29 532.56 HIN/1975 638112024-11-27  
532_560000000000000_HIN_1975Central Library, BUET   Central Library, BUET 2024-11-16General Book2024-11-162024-11-16 532.56 HIN/1975     
532_560000000000000_HIN_1975Central Library, BUET Circulation section18Central Library, BUET 2024-11-16General Book2024-11-162025-09-03 532.56 HIN/1975 39159